000 00435nam a2200121 4500
008 708 SA243a
082 _a708
_bSA243a
100 _aSaraceno, Tomás
_96919
245 _aArachnid Orchestra. Jam Sessions
260 _aSingapur
_bNTU Center for Contemporary Art Singapore
_c2015
300 _a28 p.
_b ill (col)
_c21 x 14,5 cm
650 _xarte contemporáneo
_xarte - exhibiciones
_xarte - instalación
_xarte - performance
_xArgentina
_96920
999 _c1731
_d1731